000 01292nam a2200253 a 4500
001 64727
003 BD-RjUL
005 20211209081337.0
008 170219s1951 ii ||||| |||| 00| 0 ben d
020 _c: Tk. 1.00
035 _a(BD-RjUL)64857
040 _aBD-RjUL
_beng
_cBD-RjUL
041 _aben
082 _223
_a891.441
_bBAP 1951
100 1 _aবন্দ্যোপাধ্যায়, রঙ্গলাল
_9191889
245 1 0 _aপদ্মিনী উপাখ্যান :
_bরাজস্থানীয় ইতিহাস বিশেষ /
_cরঙ্গলাল বন্দ্যোপাধ্যায় ; সম্পাদক ব্রজেন্দ্রনাথ বন্দ্যোপাধ্যায়, সজনীকান্ত দাস
260 _aকলিকাতা :
_bবঙ্গীয়-সাহিত্য-পরিষৎ,
_c১৯৫১
300 _a১২৪ পৃ. ;
_c১৮ সেমি.
650 _aবাংলা কবিতা
_9177522
650 _aBengali Poetry
_9191890
700 _aবন্দ্যোপাধ্যায়, ব্রজেন্দ্রনাথ, সম্পাদক
_9191891
700 _aদাস, সজনীকান্ত, সম্পাদক
_9191425
942 _2ddc
_cBK
999 _c64727
_d64727